Selling the Economic Miracle (Record no. 65479)
[ view plain ]
| 000 -LEADER | |
|---|---|
| fixed length control field | 01434nam a2200253Ii 4500 |
| 008 - FIXED-LENGTH DATA ELEMENTS--GENERAL INFORMATION | |
| fixed length control field | 221202s xx 000 0 und d |
| 100 1# - MAIN ENTRY--PERSONAL NAME | |
| Personal name | Spicka, Mark E, |
| Relator term | author |
| 245 #0 - TITLE STATEMENT | |
| Title | Selling the Economic Miracle |
| 246 ## - VARYING FORM OF TITLE | |
| Title proper/short title | Economic Reconstruction and Politics in West Germany, 1949-1957 |
| 264 ## - PRODUCTION, PUBLICATION, DISTRIBUTION, MANUFACTURE, AND COPYRIGHT NOTICE | |
| Name of producer, publisher, distributor, manufacturer | Berghahn Books |
| Date of production, publication, distribution, manufacture, or copyright notice | 2007 |
| 300 ## - PHYSICAL DESCRIPTION | |
| Extent | 1 online resource |
| 336 ## - CONTENT TYPE | |
| Content type term | text |
| Content type code | txt |
| Source | rdacontent |
| 337 ## - MEDIA TYPE | |
| Media type term | computer |
| Media type code | c |
| Source | rdamedia |
| 338 ## - CARRIER TYPE | |
| Carrier type term | online resource |
| Carrier type code | cr |
| Source | rdacarrier |
| 490 ## - SERIES STATEMENT | |
| Series statement | Monographs in German History |
| 520 ## - SUMMARY, ETC. | |
| Summary, etc. | Through an examination of election campaign propaganda and various public relations campaigns, reflecting new electioneering techniques borrowed from the United States, this work explores how conservative political and economic groups sought to construct and sell a political meaning of the Social Market Economy and the Economic Miracle in West Germany during the 1950s.The political meaning of economics contributed to conservative electoral success, constructed a new belief in the free market economy within West German society, and provided legitimacy and political stability for the new Federal Republic of Germany. |
| 653 ## - INDEX TERM--UNCONTROLLED | |
| Uncontrolled term | 20Th Century |
| 653 ## - INDEX TERM--UNCONTROLLED | |
| Uncontrolled term | Economics |
| 653 ## - INDEX TERM--UNCONTROLLED | |
| Uncontrolled term | History |
| 653 ## - INDEX TERM--UNCONTROLLED | |
| Uncontrolled term | History |
| 653 ## - INDEX TERM--UNCONTROLLED | |
| Uncontrolled term | Twentieth |
| 856 ## - ELECTRONIC LOCATION AND ACCESS | |
| Uniform Resource Identifier | <a href="https://library.oapen.org/bitstream/20.500.12657/24882/1/1005222.pdfhttp://library.oapen.org/handle/20.500.12657/24882">https://library.oapen.org/bitstream/20.500.12657/24882/1/1005222.pdfhttp://library.oapen.org/handle/20.500.12657/24882</a> |
| 942 ## - ADDED ENTRY ELEMENTS (KOHA) | |
| Koha item type | E-Book |
| Withdrawn status | Damaged status | Not for loan | Home library | Current library | Date acquired | Total Checkouts | Date last seen | Price effective from | Koha item type |
|---|---|---|---|---|---|---|---|---|---|
| Directory of Open Access Books | Directory of Open Access Books | 11/28/2022 | 11/28/2022 | 11/28/2022 | E-Book |